LEADER 00975nam--2200337---450- 001 990002353700203316 005 20091105112949.0 035 $a000235370 035 $aUSA01000235370 035 $a(ALEPH)000235370USA01 035 $a000235370 100 $a20050112d1970----km-y0itay0103----ba 101 0 $aeng 102 $aNL 105 $a||||||||001yy 200 1 $a<> interest approach to choice to law$fby A. Shapira 210 $aThe Hague$cM. Nijhoff$d1970 215 $aXIII, 273 p.$d23 cm 410 0$12001 454 1$12001 461 1$1001-------$12001 700 1$aSHAPIRA,$bAmos$0261757 801 0$aIT$bsalbc$gISBD 912 $a990002353700203316 951 $aXXIII.3.F. 68 (IG VIII 22 508)$b4668 G.$cXXIII.3.F. 68 (IG VIII)$d00246305 959 $aBK 969 $aGIU 979 $aSIAV5$b10$c20050112$lUSA01$h1648 979 $aRSIAV3$b90$c20091105$lUSA01$h1129 996 $aInterest approach to choice to law$91062758 997 $aUNISA